| 000 | 00449nam a2200169 i 4500 | ||
|---|---|---|---|
| 001 | bg | ||
| 245 | 0 |
_aRandom vibration-status and recent developments.Vol.14 / _ced. by I. Elishakoff. |
|
| 260 |
_aAmsterdam : _bElsevier, _c1986. |
||
| 700 | 1 |
_aElishakoff, Isaac. _eRed. |
|
| 020 | _a0444426655 | ||
| 040 | _cBPK | ||
| 041 | _apol | ||
| 080 | _a534:519.21 | ||
| 920 | _a0-444-42665-5 | ||
| 942 | _cKS | ||
| 008 | s pl f |000 0 pol | ||
| 999 |
_c28849 _d28849 |
||
| 856 |
_uhttp://koha.tu.koszalin.pl/cgi-bin/koha/opac-detail.pl?biblionumber=28849 _yKatalog online BPK |
||